01214nam a2200193Ia 4500001001000000003001000010008004100020040002500061041001300086100004300099245012500142250001100267260006700278300001200345500026000357501011400617520026000731650002900991L232-6844IT-CnALBA170116s9999||||xx |||||||||||||| ||und|| aIT-CnALBAcIT-CnALBA aITALIANO aA. Y. (MISSIONARIO OB. MARIA IMMACOL.) 0aIL REGNO DEL CUORE DI GESÙ. DOTTRINA COMPLETA DELLA B. M. ALACOQUE INTORNO AL S. CUORE. VOL. V. PROMESSE DEL S. CUORE  a1a ed. aMILANO. BA. BOLOGNAbSALESIANA. SC. TIP. c1903 [1° Ed.:1903] a336 p.  aTRADUZIONE DI DESTRO G. STORIA DELLA DEVOZIONE AL SACRO CUORE. APOSTOLATO. APOSTOLATO DEL SACRO CUORE. APOSTOLATI VARI. L'APOSTOLA DEL SACRO CUORE BEATA MARGHERITA M. ALCOQUE. VISIONI. RIVELAZIONI APOSTOLATO DELLA BEATA MARGHERITA M. ALACOQUE. ALTRI APOST aSocietà San Paolo EM - Piazza San Paolo, 14 - 12051 ALBA (CN) (non commercial uses only) ® Copyright 2017 aTRADUZIONE DI DESTRO G. STORIA DELLA DEVOZIONE AL SACRO CUORE. APOSTOLATO. APOSTOLATO DEL SACRO CUORE. APOSTOLATI VARI. L'APOSTOLA DEL SACRO CUORE BEATA MARGHERITA M. ALCOQUE. VISIONI. RIVELAZIONI APOSTOLATO DELLA BEATA MARGHERITA M. ALACOQUE. ALTRI APOST aVITA E MISTERO DI CRISTO